<?xml version="1.0" encoding="utf-8"?>
<?xml-stylesheet type='text/xsl' href='./oai2.xsl'?>
<OAI-PMH xmlns="http://www.openarchives.org/OAI/2.0/" xmlns:xsi="http://www.w3.org/2001/XMLSchema-instance" xsi:schemaLocation="http://www.openarchives.org/OAI/2.0/ http://www.openarchives.org/OAI/2.0/OAI-PMH.xsd">
  <responseDate>2026-05-16T00:03:13Z</responseDate>
  <request verb="GetRecord" metadataPrefix="marcxml" identifier="record_kuniweb_1492444">https://kulturerbe.niedersachsen.de/oai</request>
  <GetRecord>
    <record>
      <header>
        <identifier>record_kuniweb_1492444</identifier>
        <datestamp>2026-03-31T19:09:18Z</datestamp>
        <setSpec>slg0220</setSpec>
      </header>
      <metadata>
        <marc:record xmlns:marc="http://www.loc.gov/MARC21/slim" xsi:schemaLocation="http://www.loc.gov/MARC21/slim http://www.loc.gov/standards/marcxml/schema/MARC21slim.xsd">
          <marc:leader>12345nrm  22     uu 4500</marc:leader>
          <marc:controlfield tag="001">1492444</marc:controlfield>
          <marc:controlfield tag="003">http://kuniweb.gbv.de</marc:controlfield>
          <marc:controlfield tag="005">2024-01-31T14:35:52</marc:controlfield>
          <marc:controlfield tag="008">|           ||||||||||||||||||||||</marc:controlfield>
          <marc:datafield tag="245" ind1="1" ind2="0">
            <marc:subfield code="a">Schlaufensporn
Groß Meckelsen FStNr. 119</marc:subfield>
          </marc:datafield>
          <marc:datafield tag="700" ind1="1" ind2=" ">
            <marc:subfield code="a">Bernd Gössling</marc:subfield>
            <marc:subfield code="e">FinderIn</marc:subfield>
          </marc:datafield>
          <marc:datafield tag="655" ind1=" " ind2="7">
            <marc:subfield code="a">Archäologie</marc:subfield>
          </marc:datafield>
          <marc:datafield tag="046" ind1=" " ind2=" ">
            <marc:subfield code="k">0700</marc:subfield>
            <marc:subfield code="k">Frühmittelalter (8./9. Jahrhundert)</marc:subfield>
            <marc:subfield code="l">0900</marc:subfield>
          </marc:datafield>
          <marc:datafield tag="260" ind1=" " ind2=" ">
            <marc:subfield code="g">0700</marc:subfield>
            <marc:subfield code="g">0900</marc:subfield>
            <marc:subfield code="g">Frühmittelalter (8./9. Jahrhundert)</marc:subfield>
          </marc:datafield>
          <marc:datafield tag="300" ind1=" " ind2=" ">
            <marc:subfield code="a">Gewicht: 17,2 g
Durchmesser: 0,4 cm
Länge: 11,1 cm
Breite: 9,9 cm</marc:subfield>
          </marc:datafield>
          <marc:datafield tag="520" ind1=" " ind2=" ">
            <marc:subfield code="a">Bei einer systematischen Prospektion im Umfeld der Siedlung FStNr. 28 (Vorrömische Eisenzeit bis Völkerwanderungszeit) fand Bernd Gössling mit der Metallsonde einen Ösen- oder Schlaufensporn. Die Bügel des Sporns aus Buntmetall sind gerade, der eiserne Dorn ist kurz und in den Sporn genietet. Dies spricht für eine Datierung in das 8./9. Jahrhundert. Es handelt sich um den ersten Sporn dieser Zeitstellung im Kreisgebiet.
Mehrere Einzelfunde des 9.–10. Jahrhunderts deuten auf eine alte Wegeverbindung über die Siedlung FStNr. 28 mit einer Furt durch die Ramme hin, die auch im Frühmittelalter genutzt wurde. (Stefan Hesse 06/2023)

Ausgrabungs- / Untersuchungsdatum: September 2022</marc:subfield>
          </marc:datafield>
          <marc:datafield tag="650" ind1="1" ind2=" ">
            <marc:subfield code="a">Transport, Verkehr &gt; Anspanngerät, Zaumzeug &gt; Reitgerät &gt; Sporn</marc:subfield>
          </marc:datafield>
          <marc:datafield tag="773" ind1="0" ind2=" ">
            <marc:subfield code="t">Archäologische Funde aus dem Landkreis Rotenburg (Wümme)</marc:subfield>
          </marc:datafield>
          <marc:datafield tag="852" ind1=" " ind2=" ">
            <marc:subfield code="a">Kreisarchäologie Rotenburg</marc:subfield>
          </marc:datafield>
          <marc:datafield tag="852" ind1=" " ind2=" ">
            <marc:subfield code="a">Groß Meckelsen (Sittensen, Rotenburg (Wümme), Niedersachsen)</marc:subfield>
          </marc:datafield>
          <marc:datafield tag="" ind1=" " ind2=" ">
            <marc:subfield code="a">Namensnennung - Weitergabe unter gleichen Bedingungen 4.0 International (CC BY-SA 4.0)</marc:subfield>
          </marc:datafield>
        </marc:record>
      </metadata>
    </record>
  </GetRecord>
</OAI-PMH>
